| 000 | 00599cam a22002173a 4500 | ||
|---|---|---|---|
| 001 | 33136 | ||
| 003 | PGUSA | ||
| 005 | 20140828083721.0 | ||
| 008 | 100711s2010||||xxu|||||s|||||000 | eng d | ||
| 040 |
_aPGUSA _beng |
||
| 042 | _adc | ||
| 050 | 4 | _aAP | |
| 245 | 1 | 0 |
_aHarper's Round Table, September 17, 1895 _h[electronic resource] / _cVarious |
| 260 |
_bProject Gutenberg, _c2010 |
||
| 506 | _aPublic domain in the USA. | ||
| 516 | _aElectronic text | ||
| 653 | _aChildren's periodicals | ||
| 830 | 0 |
_aProject Gutenberg _v33136 |
|
| 856 | 4 | 0 | _uhttp://www.gutenberg.org/ebooks/33136 |
| 942 | _cEB | ||
| 999 |
_c262391 _d262391 |
||